Regulácia prietoku bez prietokomeru s využitím PLC

Saved in:
Bibliographic Details
Main Author: Cimerman, Ján (Author)
Other Authors: Juhás, Martin (Thesis advisor)
Format: Manuscript Book
Language:Slovak
Published: 2015
Subjects:
Online Access:http://is.stuba.sk/zp/portal_zp.pl?podrobnosti=117604
Tags: Add Tag
No Tags, Be the first to tag this record!

MARC

LEADER 00000ntm a22000003a 4500
001 stuzp54108
003 SK-STU
005 20160719154614.8
007 ta
008 150427s2015----xo-----f-mn---000-0-slo-d
040 |a STU  |b slo 
041 0 |a slo 
100 1 |a Cimerman, Ján  |u 020020  |4 aut  |U SjF Strojnícka fakulta  |T SjF Ústav automatizácie, merania a aplikovanej informatiky  |X 8153  |U J0020  |Y 802  |7 8153 
242 0 1 |a Flow control without flowmeter using PLC  |y eng 
245 1 0 |a Regulácia prietoku bez prietokomeru s využitím PLC 
260 |c 2015 
650 4 |a Matlab Simulink  |2 slo 
650 4 |a PLC  |2 slo 
650 4 |a Simulink PLC coder  |2 slo 
650 4 |a regulácia prietoku  |2 slo 
650 4 |a Simulink PLC Coder  |2 eng 
650 4 |a flow control  |2 eng 
650 4 |a Matlab Simulink  |2 eng 
650 4 |a PLC  |2 eng 
700 1 |a Juhás, Martin  |4 ths  |X 2316  |7 A000002316 
856 4 |u http://is.stuba.sk/zp/portal_zp.pl?podrobnosti=117604 
996 |b 284J043765  |c J* 2055/BP  |l JJSK  |s A  |a 24  |w stuzp54108_0001 
SQL |a stuzp54108  |b DBP  |c SLO  |d Regulácia prietoku bez prietokomeru s využitím PLC  |e 8153  |f Cimerman, Ján  |g 020020  |h 2316  |i Juhás, Martin  |j 20150615  |k 646  |l 02  |m http://is.stuba.sk/zp/portal_zp.pl?podrobnosti=117604  |n B-AISP  |o 5.2.14. automatizácia